Nic dwa razy - Wisława Szymborska - tekst - Statystyki

Ogólne statystyki
  • Ten quiz został rozwiązany 341 razy
  • Średni wynik to 82 z 124
Statystyki odpowiedzi
Odpowiedź % Poprawnych
dwa
100%
Nic
100%
razy
100%
się
100%
się,
100%
nie
99%
Z
99%
z
99%
i
97%
zdarza
97%
zdarzy.
93%
przy
92%
przyczyny
89%
w
89%
bez
88%
tej
87%
zrodziliśmy
82%
pomrzemy
79%
rutyny.
79%
A
78%
a
78%
Czy
78%
choć
73%
lata.
73%
ani
72%
uczniami
72%
zimy
72%
będziemy
71%
byli
71%
Jak
71%
jak
71%
mi
71%
świata,
71%
ty
71%
róża
70%
Róża?
70%
róża?
70%
szkole
70%
kiedy
68%
okno.
68%
żadnej
68%
otwarte
67%
przez
67%
ma
66%
repetować
66%
wpadła
66%
dwóch
65%
imię
65%
jakby
65%
mnie
65%
twoje
65%
tych
65%
wprawy
65%
głośno,
64%
ktoś
64%
najtępszymi
64%
pocałunków,
64%
samych
64%
tak
64%
było,
63%
nocy,
63%
oczy.
63%
spojrzeń
62%
Wczoraj,
62%
Choćbyśmy
61%
dzień
61%
powtórzy,
61%
to
61%
wymówił
61%
Żaden
61%
jednakich
60%
jest
58%
podobnych
58%
Jesteś
55%
może
54%
kamień?
53%
wygląda
53%
kwiat?
51%
więc
51%
musisz
50%
od
50%
zła
50%
Czemu
49%
godzino,
49%
lękiem?
47%
mieszasz
47%
minąć.
47%
piękne.
47%
niepotrzebnym
45%
Miniesz
44%
Dziś,
43%
jesteśmy
43%
razem,
43%
ścianie.
37%
twarz
37%
dwie
36%
krople
36%
ku
36%
wody.
36%
różnimy
35%
siebie
35%
odwróciłam
34%
czystej
33%
Uśmiechnięci,
32%
szukać
30%
zgody,
30%
współobjęci
27%
spróbujemy
13%
Nie znaleziono quizów pasujących do podanych kryteriów
Rozkład punktacji
Procent ludzi z każdym wynikiem
Percentyl według liczby udzielonych odpowiedzi
Twoja historia wyników
Nie rozwiązałeś tego quizu